One Manchester City Player by Nation - Statistics

General Stats
  • This quiz has been taken 6,055 times
    75 since last reset
  • The average score is 15 of 22
Answer Stats
Nation Player % Correct
Spain David Silva | Rodri | Jesús Navas | +15 others
98%
England Joe Hart | Raheem Sterling | Phil Foden | +90 others
98%
Brazil Fernandinho | Ederson | Gabriel Jesus | +12 others
95%
Germany İlkay Gündoğan | Leroy Sané | Uwe Rösler | +9 others
92%
Argentina Sergio Agüero | Pablo Zabaleta | Nicolás Otamendi | +6 others
92%
Portugal Bernardo Silva | João Cancelo | Rúben Dias | +1 other
90%
Norway Erling Haaland | Alf-Inge Håland | Kåre Ingebrigtsen | +2 others
90%
Algeria Riyad Mahrez | Ali Benarbia | Djamel Belmadi | +1 other
90%
France Sylvain Distin | Gaël Clichy | Samir Nasri | +11 others
90%
Belgium Vincent Kompany | Kevin De Bruyne | Émile Mpenza | +3 others
90%
Netherlands Nigel de Jong | Michel Vonk | Nathan Aké | +6 others
89%
Croatia Vedran Ćorluka | Joško Gvardiol | Mateo Kovačić
84%
Ivory Coast Yaya Touré | Kolo Touré | Wilfried Bony | +1 other
73%
Switzerland Gelson Fernandes | Manuel Akanji | Giuseppe Mazzarelli
71%
Italy Mario Balotelli | Bernardo Corradi | Rolando Bianchi | +1 other
65%
Serbia Aleksandar Kolarov | Matija Nastasić
49%
Ireland Richard Dunne | Stephen Ireland | Niall Quinn | +8 others
48%
Denmark Niclas Jensen | Peter Schmeichel | Kasper Schmeichel | +3 others
41%
United States Claudio Reyna | DaMarcus Beasley | Zack Steffen
38%
Wales Craig Bellamy | Kit Symons | Ben Thatcher | +4 others
37%
Scotland Paul Dickov | Gerry Creaney | David Kerr
13%
Northern Ireland Steve Lomas | Kevin Horlock | Jeff Whitley | +4 others
10%
No matching quizzes found
Score Distribution
Percent of People with Each Score
Percentile by Number Answered
Your Score History
You have not taken this quiz since the last reset